[Event "Paris Immopar rapid"]
[Site "Paris"]
[Date "1992.??.??"]
[Round "2"]
[White "Kamsky, Gata"]
[Black "Polgar, Judit"]
[Result "1-0"]
[WhiteElo "2655"]
[BlackElo "2575"]
[Annotator "Anand,V"]
[PlyCount "131"]
[EventDate "1992.11.??"]
[EventType "k.o. (rapid)"]
[EventRounds "4"]
[EventCountry "FRA"]
[SourceTitle "CBM 033"]
[Source "ChessBase"]
[SourceDate "1993.04.01"]
[SourceVersion "1"]
[SourceVersionDate "1993.04.01"]
[SourceQuality "1"]

1. e4 c5 2. Nf3 d6 3. d4 cxd4 4. Nxd4 Nf6 5. Nc3 a6 6. Bg5 {A recent addition
to Kamsky's arsenal} e6 7. f4 Be7 8. Qf3 h6 9. Bh4 Nbd7 10. O-O-O Qc7 11. Bd3
g5 12. fxg5 Ne5 13. Qe2 Nfd7 {This is new but maybe not good} (13... Nfg4 14.
Nf3 Nxf3 15. gxf3 hxg5) 14. Qh5 Nc5 (14... Ng6 15. Nxe6 $18) 15. gxh6 Ncxd3+
16. cxd3 Qc5 17. Nf5 $1 exf5 18. d4 Qb6 19. Bxe7 (19. dxe5 Qe3+ 20. Kb1 Rxh6
21. Bf2 Rxh5 22. Bxe3 dxe5) 19... Nc4 20. Qe2 Qxb2+ 21. Qxb2 Nxb2 22. Kxb2 $2 (
22. Bf6 $1 $18 Nxd1 (22... Rxh6 23. Kxb2 Rxf6 24. Nd5 $18) 23. Bxh8 Nxc3 24. h7
Be6 (24... Ne2+ 25. Kb2 Nf4 26. Bg7 Ng6 27. h4 $1 $18) 25. Bg7 Kd7 26. d5 $1
$18 {White ends up with an extra rook}) 22... Kxe7 $14 23. Nd5+ Kd8 24. Nb6 Rb8
25. exf5 $6 (25. Nxc8 Rxc8 26. exf5 Rxh6 27. h4 {/\g4} d5 $14) 25... Bxf5 26.
Rhf1 Bg6 27. Rf6 Rxh6 28. h3 Rh5 $1 29. d5 Rh4 30. Kc3 Kc7 31. Nc4 Re8 32. Rd4
Rxd4 33. Kxd4 Rd8 34. h4 b5 35. Ne3 Re8 36. Rf4 Rh8 37. a3 a5 38. g3 Kd7 39.
Rf6 Ke7 40. Rf2 Kd7 41. Rf6 b4 $2 {Black has no reason to play for a win} (
41... Ke7 $10) 42. axb4 axb4 43. Nc4 Rb8 44. Rxd6+ Ke7 45. Rb6 Rxb6 46. Nxb6 b3
47. Nc4 Kd7 48. Kc3 Be4 49. Ne3 Kd6 50. Kxb3 Kc5 (50... Bxd5+ 51. Nxd5 Kxd5 52.
h5 $1 (52. Kc2 Ke4 53. Kd2 Kf5 (53... f5 54. h5 $18) 54. Ke3 Kg4 55. Ke4 f5+
56. Ke5 Kxg3 57. h5 f4 58. h6 f3 $10) 52... Ke5 53. Kc4 Kf5 54. Kd5 Kg5 55. g4
f5 56. h6 Kxh6 57. gxf5 Kg7 58. Ke6 Kf8 59. Kf6 $18) 51. Kc3 Bg6 52. g4 f6 53.
h5 Bh7 54. h6 Bg6 55. Nf5 Bh7 56. d6 Kc6 57. Kd4 Kd7 58. Kc5 Bg8 59. Ne7 Bh7
60. Nd5 Ke6 61. d7 Kxd7 62. Nxf6+ Ke6 63. Nxh7 Kf7 64. Ng5+ Kg6 65. h7 Kxg5 (
65... Kg7 66. h8=Q+ $18) 66. h8=Q 1-0

[Event "Paris Immopar rapid"]
[Site "Paris"]
[Date "1992.??.??"]
[Round "2"]
[White "Polgar, Judit"]
[Black "Kamsky, Gata"]
[Result "0-1"]
[WhiteElo "2575"]
[BlackElo "2655"]
[Annotator "Anand,V"]
[PlyCount "111"]
[EventDate "1992.11.??"]
[EventType "k.o. (rapid)"]
[EventRounds "4"]
[EventCountry "FRA"]
[SourceTitle "CBM 033"]
[Source "ChessBase"]
[SourceDate "1993.04.01"]
[SourceVersion "1"]
[SourceVersionDate "1993.04.01"]
[SourceQuality "1"]

1. e4 e5 2. Nf3 Nc6 3. Bb5 a6 4. Ba4 Nf6 5. O-O Be7 6. Re1 b5 7. Bb3 O-O 8. d4
d6 9. c3 Bg4 10. d5 Na5 11. Bc2 c6 12. h3 Bc8 13. dxc6 Qc7 14. Nbd2 Qxc6 15.
Nf1 Nc4 16. a4 Bb7 17. Ng3 Rfe8 (17... g6 18. b3 Nb6 19. a5 Nbd7 20. Bd2 {
/\ b4,Bb3}) 18. Nf5 Bf8 19. Bg5 (19. b3 Nb6 20. a5 Nbd7 21. c4 $5) 19... d5 20.
exd5 (20. axb5 axb5 21. Rxa8 Bxa8 (21... Rxa8 22. Bxf6 (22. b3 dxe4) 22... Qxf6
23. exd5) 22. Bxf6 Qxf6 23. exd5 g6 $1 (23... Nxb2 24. Qb1 Nc4 25. Qxb5) 24. b3
gxf5 25. bxc4 bxc4 $13) 20... Qxd5 21. Qe2 e4 22. N3d4 Qe5 {Black is at least
equal and Judit needed to win to stay in the match} 23. axb5 axb5 24. Rxa8 Bxa8
25. b3 Nd6 26. f4 (26. Bxf6 Qxf6 27. Nxd6 Bxd6 28. Nxb5 Bb8 $44) 26... Qc5 27.
Nxd6 Qxd6 28. Qxb5 Rc8 $1 29. Ra1 Nd5 $15 30. Kh1 Nxc3 31. Qf5 Bb7 32. Nb5 Qd5
33. Qxd5 Bxd5 34. Nd4 Bc5 35. Nf5 f6 36. Bh4 Be6 37. g4 g6 38. Ng3 Bf2 $19 39.
Kh2 e3 40. Ra6 Bf7 41. Bxf6 e2 42. Nxe2 Nxe2 43. Be4 Nxf4 44. Be5 Nd5 45. Kg2
Bh4 46. Ra7 Nc3 47. Bb7 Bd5+ 48. Bxd5+ Nxd5 49. Rg7+ Kf8 50. Rxh7 Bf6 51. Bd6+
Kg8 52. Rb7 {Of course Black has messed it up but a draw was sufficient} Rc3
53. b4 Rd3 54. b5 $2 Ne3+ 55. Kf2 Nd1+ 56. Ke1 0-1

[Event "Paris Immopar rapid"]
[Site "Paris"]
[Date "1992.??.??"]
[Round "3"]
[White "Kamsky, Gata"]
[Black "Kasparov, Garry"]
[Result "0-1"]
[WhiteElo "2655"]
[BlackElo "2790"]
[Annotator "Knaak,R"]
[PlyCount "74"]
[EventDate "1992.11.??"]
[EventType "k.o. (rapid)"]
[EventRounds "4"]
[EventCountry "FRA"]
[SourceTitle "CBM 033"]
[Source "ChessBase"]
[SourceDate "1993.04.01"]
[SourceVersion "1"]
[SourceVersionDate "1993.04.01"]
[SourceQuality "1"]

1. d4 Nf6 2. c4 g6 3. Nc3 Bg7 4. e4 d6 5. Nf3 O-O 6. Be2 e5 7. O-O Nc6 8. d5
Ne7 9. Nd2 Ne8 10. Rb1 $6 {Verliert ein Tempo.} f5 11. b4 Nf6 12. f3 f4 $15 13.
c5 g5 14. Nc4 Ng6 15. a4 Rf7 16. Ba3 Bf8 17. a5 Rg7 18. b5 b6 $1 {>< Rb1} 19.
cxd6 cxd6 20. Na2 g4 $1 21. fxg4 Nh4 $1 $17 (21... Nxe4 22. Bd3 Nf6 23. Bf5 $13
) 22. Rb3 (22. h3 Nxe4 {>< g3}) 22... Nxg4 23. Bf3 bxa5 24. Qd2 a4 25. Rc3 Bd7
26. Rb1 Rc8 27. Kh1 Nxh2 $1 28. Kxh2 Rxc4 29. Rbc1 (29. Rxc4 Nxf3+ 30. gxf3
Qh4#) 29... Nxf3+ 30. Rxf3 Qh4+ 31. Kg1 Rxe4 32. Qf2 Qh5 33. Rc7 Re1+ $1 34.
Qxe1 Qxf3 35. Qd2 Qg4 36. Nc3 f3 37. Rxa7 Qh3 0-1

[Event "World op 21st"]
[Site "Philadelphia"]
[Date "1993.??.??"]
[Round "2"]
[White "Kamsky, Gata"]
[Black "Blankenau, Mike P"]
[Result "1-0"]
[WhiteElo "2645"]
[BlackElo "2205"]
[PlyCount "81"]
[EventDate "1993.??.??"]
[EventType "swiss"]
[EventRounds "9"]
[EventCountry "USA"]
[SourceTitle "EXT 1997"]
[Source "ChessBase"]
[SourceDate "1996.11.15"]
[SourceVersion "1"]
[SourceVersionDate "1996.11.15"]
[SourceQuality "1"]

1. e4 c6 2. d4 d5 3. Nd2 dxe4 4. Nxe4 Bf5 5. Ng3 Bg6 6. Nf3 Nd7 7. h4 h6 8. h5
Bh7 9. Bd3 Bxd3 10. Qxd3 Ngf6 11. Bd2 e6 12. O-O-O Qc7 13. Ne4 O-O-O 14. c4 c5
15. Nxf6 Nxf6 16. Kb1 Bd6 17. Bc3 Rhe8 18. d5 e5 19. Nh4 Qd7 20. Nf5 Bf8 21.
Ne3 Ng4 22. Nxg4 Qxg4 23. f3 e4 24. fxg4 exd3 25. Rhe1 Re2 26. Rxd3 Rxe1+ 27.
Bxe1 Re8 28. Bd2 Re2 29. Re3 Rxd2 30. Re8+ Kd7 31. Rxf8 Ke7 32. Rb8 Rxg2 33.
Rxb7+ Kf6 34. b4 Rxg4 35. bxc5 Rxc4 36. Rc7 g5 37. hxg6 fxg6 38. d6 Ke6 39. d7
Ke7 40. c6 h5 41. Rc8 1-0

[Event "World op 21st"]
[Site "Philadelphia"]
[Date "1993.??.??"]
[Round "2"]
[White "Watson, John L"]
[Black "Kamsky, Gata"]
[Result "1/2-1/2"]
[WhiteElo "2390"]
[BlackElo "2645"]
[PlyCount "61"]
[EventDate "1993.??.??"]
[EventType "swiss"]
[EventRounds "9"]
[EventCountry "USA"]
[SourceTitle "EXT 1997"]
[Source "ChessBase"]
[SourceDate "1996.11.15"]
[SourceVersion "1"]
[SourceVersionDate "1996.11.15"]
[SourceQuality "1"]

1. d4 Nf6 2. c4 g6 3. Nc3 Bg7 4. e4 d6 5. Nf3 O-O 6. h3 e5 7. d5 Nh5 8. Nh2 Qe8
9. Be2 Nf4 10. Bf3 f5 11. g3 Nxh3 12. Bg2 f4 13. Nf3 g5 14. Bxh3 g4 15. Bg2
gxf3 16. Qxf3 Qg6 17. Bh3 Na6 18. Bxc8 Raxc8 19. g4 c6 20. Rh5 Nb4 21. Kd2 cxd5
22. cxd5 Rc4 23. a3 Rd4+ 24. Ke2 Nc2 25. Rb1 Rc4 26. Qh1 Nxa3 27. bxa3 Rxc3 28.
f3 b6 29. Bd2 Rc4 30. g5 Rfc8 31. Qh3 1/2-1/2

[Event "World op 21st"]
[Site "Philadelphia"]
[Date "1993.??.??"]
[Round "6"]
[White "Fedorowicz, John P"]
[Black "Kamsky, Gata"]
[Result "1/2-1/2"]
[WhiteElo "2545"]
[BlackElo "2645"]
[PlyCount "33"]
[EventDate "1993.??.??"]
[EventType "swiss"]
[EventRounds "9"]
[EventCountry "USA"]
[SourceTitle "EXT 1997"]
[Source "ChessBase"]
[SourceDate "1996.11.15"]
[SourceVersion "1"]
[SourceVersionDate "1996.11.15"]
[SourceQuality "1"]

1. d4 Nf6 2. c4 g6 3. Nc3 d5 4. cxd5 Nxd5 5. e4 Nxc3 6. bxc3 Bg7 7. Bb5+ c6 8.
Ba4 O-O 9. Ne2 Be6 10. O-O Bc4 11. Bb3 Bxb3 12. Qxb3 Qb6 13. Qc2 Nd7 14. e5 e6
15. Be3 c5 16. Qe4 Qa6 17. Nf4 1/2-1/2

[Event "World op 21st"]
[Site "Philadelphia"]
[Date "1993.??.??"]
[Round "7"]
[White "Kamsky, Gata"]
[Black "Alburt, Lev O"]
[Result "1/2-1/2"]
[WhiteElo "2645"]
[BlackElo "2545"]
[PlyCount "108"]
[EventDate "1993.??.??"]
[EventType "swiss"]
[EventRounds "9"]
[EventCountry "USA"]
[SourceTitle "EXT 1997"]
[Source "ChessBase"]
[SourceDate "1996.11.15"]
[SourceVersion "1"]
[SourceVersionDate "1996.11.15"]
[SourceQuality "1"]

1. c4 c5 2. Nc3 Nc6 3. Nf3 g6 4. d4 cxd4 5. Nxd4 Bg7 6. Nc2 d6 7. e4 Bxc3+ 8.
bxc3 Nf6 9. f3 Qa5 10. Bd2 Qa4 11. Nb4 Qxd1+ 12. Rxd1 Be6 13. Nd5 Rc8 14. Be3
Nd7 15. f4 b6 16. Be2 Na5 17. Rd4 Nc5 18. f5 gxf5 19. exf5 Bxf5 20. O-O Be6 21.
Rh4 Nd7 22. Bd4 Ne5 23. Bxe5 dxe5 24. Ne3 Rc5 25. Bd3 h6 26. h3 Nb7 27. Kh2 Nd6
28. Re1 Kf8 29. Rf1 Kg7 30. Rf3 Ra5 31. Bb1 Ra4 32. Rg3+ Kf8 33. Rf3 b5 34. Bc2
Rxa2 35. cxb5 Rb2 36. c4 Nxc4 37. Nxc4 Rxc2 38. Nxe5 Bd5 39. Rg3 h5 40. Rd4 e6
41. Rf4 Ke7 42. Rxf7+ Kd6 43. Nd3 Rc7 44. Rxc7 Kxc7 45. Nf4 Kb6 46. Rg5 Bc4 47.
Nxh5 Bxb5 48. Re5 Bc4 49. g4 a5 50. Nf6 a4 51. g5 a3 52. g6 a2 53. Re1 Ra8 54.
Ra1 Ra7 1/2-1/2

[Event "Linares 11th"]
[Site "Linares"]
[Date "1993.??.??"]
[Round "1"]
[White "Kamsky, Gata"]
[Black "Jussupow, Artur"]
[Result "1-0"]
[WhiteElo "2655"]
[BlackElo "2645"]
[Annotator "Hansen,LB"]
[PlyCount "165"]
[EventDate "1993.02.??"]
[EventType "tourn"]
[EventRounds "13"]
[EventCountry "ESP"]
[EventCategory "18"]
[SourceTitle "CBM 034"]
[Source "ChessBase"]
[SourceDate "1993.06.01"]
[SourceVersion "1"]
[SourceVersionDate "1993.06.01"]
[SourceQuality "1"]

1. e4 {Knaak} e6 2. d4 d5 3. Nc3 Bb4 4. e5 Ne7 5. a3 Bxc3+ 6. bxc3 c5 7. Qg4
O-O 8. Bd3 Nbc6 9. Qh5 Ng6 10. Nf3 Qc7 $1 {Hertneck} 11. Be3 (11. O-O $6 c4 12.
Be2 f6 13. exf6 Rxf6 14. g3 Bd7 15. Be3 $6 (15. Bg5 $142 {Hertneck}) 15... Raf8
$15 {Judit Polgar-Hertneck,Koln TV 1991}) (11. Ng5 h6 12. Nxf7 Qxf7 13. Qxg6
Qxg6 (13... Qxf2+ $2 14. Kd1 {/\Rf1+-}) 14. Bxg6 cxd4 15. cxd4 Nxd4 16. Bd3 Bd7
17. Bb2 Rf4 $1 18. Bc1 Rf7 19. Bb2 Rf4 20. Bc1 {1/2-1/2;Gelfand-Hubner,Wijk
aan Zee 1992}) (11. a4 $5 c4 12. Bxg6 fxg6 13. Qh3 Qa5 14. Bd2 Bd7 15. Qg4 Ne7
16. h4 h6 $13 {Judit Polgar-Gdanski,Budapest zt 1993}) 11... c4 12. Bxg6 fxg6
13. Qg4 Qf7 $1 14. h4 $146 (14. Ng5 Qe8 15. h4 h6 16. Nh3 Ne7 17. Nf4 Bd7 18.
Rh3 Rf5 19. Kd2 $1 Qf7 20. Ne2 Rf8 $10 {Judit Polgar-Uhlmann,Aruba 1992}) 14...
Qf5 $5 (14... h6) 15. Qxf5 Rxf5 (15... gxf5 $6 16. h5 $14) (15... exf5 $5 {
/\Nd8-e6}) (15... gxf5 $10 {Knaak}) 16. Ke2 $14 {|^ >>} h6 17. g4 Rf7 18. Rag1
Bd7 19. Ne1 Raf8 20. f4 {/\h5} Rxf4 $6 (20... Be8 21. Nf3 $14 (21. Ng2 $14) (
21. h5 $6 gxh5 22. Rxh5 (22. f5 exf5 23. gxf5 Rxf5 24. Bxh6 R8f7 $15) (22. gxh5
$2 Rf5 $17) 22... Rxf4 23. Bxf4 Bxh5 24. Bxh6 Bg6 25. Bg5 Be4 $15) (21. f5 $2
exf5 (21... gxf5 22. gxf5 Rxf5 23. Bxh6 Rf2+ 24. Ke3 $2 (24. Kd1 Bh5+ 25. Kc1
R8f7 $15) 24... Bh5 $1 25. Rxg7+ Kh8 26. Rg2 $8 Rxg2 27. Bxf8 (27. Nxg2 Rf3+
28. Kd2 Rf2+ $19) 27... Re2+ 28. Kf4 Rf2+ 29. Kg5 Rf5+ $1 30. Kh6 Nd8 31. Bg7+
Kg8 $19) 22. gxf5 Rxf5 $17)) 21. Bxf4 Rxf4 22. Rg3 $1 Nd8 23. Ng2 Rf8 24. Ke3
$1 {/\Nf4} Ba4 25. Rc1 g5 $8 (25... Kh7 {Knaak} 26. Nf4 {/\ 27.h5+/-}) 26. hxg5
hxg5 27. Rh3 Nf7 28. Rh5 Rc8 29. Ne1 Rc6 30. Rb1 $1 Rc7 31. Kd2 Be8 32. Nf3 Re7
33. Rbh1 Rc7 34. Rh7 (34. Nxg5 $2 Nxg5 (34... g6 $2 35. Nxf7 gxh5 36. Nd6 $18)
35. Rxg5 g6 {X Rg5}) 34... Rc6 35. R1h5 Rc8 (35... Ra6 $6 36. Nxg5 Nxg5 (36...
g6 37. Rxf7 $1 gxh5 (37... Bxf7 38. Rh7 Be8 39. Rxb7 $18) 38. Re7 $1 Kf8 (38...
Bg6 39. gxh5 (39. Nxe6 $18 {Knaak}) 39... Bxh5 40. Nxe6 $18) 39. Rxb7 $18 {
/\Nh7}) (36... Nh6 37. R5xh6 gxh6 38. Rxh6 $18) 37. Rh8+ Kf7 38. Rxg5 g6 39.
Rxe8 $1 (39. Rh7+ $2 Kg8 40. Rxb7 Bf7 $1 {X Rg5}) 39... Kxe8 40. Rxg6 Kf7 41.
Rf6+ Kg7 (41... Ke7 42. g5 Rxa3 43. g6 $18 (43. Rf1 Ra6 44. g6 Rc6 45. Rf7+ Ke8
46. Rxb7 Kf8 47. Ke3 a5 48. Kf4 a4 49. Kg5 Ra6 50. Kf6 Ra8 51. g7+ Kg8 52. Rb1
a3 53. Rh1 $18)) 42. a4 $1 $18 (42. a4 {/\ Ke3-f4-g5-h5, Pg5-g6, Rf7 +-} Rxa4
43. Rxe6 b6 44. Rd6 Ra5 45. Ke3 $18)) 36. Ke3 (36. Nxg5 $6 Nxg5 $1 (36... g6 $2
37. Rxf7 $1 gxh5 (37... Bxf7 38. Rh7 Rf8 39. Ke3 $22 $18) 38. Rxb7 $18) 37.
Rh8+ Kf7 38. Rxg5 g6 $1 39. Rh7+ Kg8 40. Rxb7 a5 $1 $13 {X Rg5}) 36... a5 $6 {
With this and the following moves Black secures his queenside,but abandons any
possible counterchances based on Ba4 or Rc6-a6.} 37. Rh1 a4 $6 38. R7h2 b5 39.
Rf2 Rc7 40. Rh5 Re7 41. Rf1 Rb7 42. Kf2 Rb6 (42... Nh6 43. Rhh1 Nxg4+ $2 44.
Ke2 $18) 43. Kg3 Ra6 44. Rxg5 $1 Nxg5 45. Nxg5 Bg6 46. Rf2 Rb6 47. Kh4 Ra6 48.
Nh3 Be4 $6 (48... Ra7 49. Kg5 (49. Nf4 Rf7 (49... Bf7) 50. Kg3 Rxf4 $5 51. Kxf4
Be8 {Can White break through?}) 49... Be4 50. Kh5 $1 {/\Ng5} Rf7 $5 51. Rxf7
Kxf7 52. Ng5+ Ke7 53. Nxe4 dxe4 54. Kh4 Kd7 55. Kg3 Kc6 56. Kf4 Kd5 57. Ke3 $1
(57. g5 $2 b4 $1) 57... g5 58. Ke2 b4 $8 (58... Kc6 59. Kf2 $22 $18) 59. cxb4
Kxd4 60. c3+ $1 Kxe5 $8 (60... Kxc3 61. b5 Kd4 (61... Kb2 62. b6 c3 63. b7 c2
64. b8=Q+ $18) 62. b6 c3 63. b7 c2 64. Kd2 $18) 61. Ke3 Kd5 62. b5 Kc5 63. Kxe4
Kxb5 64. Ke5 Kc5 65. Kxe6 Kc6 66. Kf6 Kd5 67. Kf5 $1 Kd6 68. Kxg5 Ke5 69. Kh6
$18) 49. Kh5 $1 $16 Ra7 50. Ng5 Re7 51. Nxe4 dxe4 52. Kg6 e3 53. Re2 Rf7 54.
Rxe3 Rf2 55. Re1 $1 Rxc2 56. Rb1 Rxc3 57. Rxb5 Kf8 58. Rb4 Rxa3 59. Rxc4 Ra1
60. g5 a3 61. Ra4 a2 62. Ra7 $18 Ke8 63. Kxg7 Kd8 (63... Rg1 64. Rxa2 Rxg5+ 65.
Kf6 $18) 64. g6 Ke8 65. Ra6 $1 Ke7 (65... Kd7 66. Kg8 Rg1 67. Rxa2 Rxg6+ 68.
Kf7 $18) 66. Ra8 $22 Kd7 67. Kg8 Ke7 (67... Rg1 68. Rxa2 Rxg6+ 69. Kf7 $18) 68.
Ra7+ Ke8 69. g7 Rh1 (69... Kd8 70. Kf7 $18) 70. Rxa2 Ke7 71. Ra7+ Ke8 72. Ra5
Ke7 73. d5 exd5 74. Rxd5 Rh2 75. Ra5 Rh1 76. Ra7+ Ke8 77. e6 Rh2 78. Rf7 Rh1
79. e7 Rh2 80. Rf8+ $1 Kxe7 81. Rf3 {Lucena} Ke8 82. Re3+ Kd7 83. Re4 1-0

[Event "Linares 11th"]
[Site "Linares"]
[Date "1993.??.??"]
[Round "6"]
[White "Beliavsky, Alexander G"]
[Black "Kamsky, Gata"]
[Result "0-1"]
[WhiteElo "2610"]
[BlackElo "2655"]
[PlyCount "70"]
[EventDate "1993.02.??"]
[EventType "tourn"]
[EventRounds "13"]
[EventCountry "ESP"]
[EventCategory "18"]
[SourceTitle "CBM 034"]
[Source "ChessBase"]
[SourceDate "1993.06.01"]
[SourceVersion "1"]
[SourceVersionDate "1993.06.01"]
[SourceQuality "1"]

1. d4 d5 2. c4 dxc4 3. e4 c5 4. d5 Nf6 5. Nc3 b5 6. Bf4 Qa5 7. a4 Nxe4 8. Nge2
Nd6 9. axb5 Qb6 10. Bxd6 exd6 11. Ng3 Be7 12. Bxc4 O-O 13. O-O Bf6 14. Qc2 a6
15. Bd3 g6 16. Nge4 Bg7 17. Nd2 Bb7 18. Nc4 Qc7 19. b6 Qd8 20. Rfd1 Nd7 21.
Nxd6 Qxb6 22. Nc4 Qd8 23. Na5 Qb6 24. Be4 f5 25. Nc4 Qf6 26. Bf3 Rab8 27. Na4
g5 28. h3 Qh6 29. Re1 Qh4 30. Ne3 Ne5 31. Be2 Bc8 32. Nxc5 f4 33. Ng4 Bxg4 34.
Bxg4 Nxg4 35. hxg4 Rxb2 0-1

[Event "Linares 11th"]
[Site "Linares"]
[Date "1993.??.??"]
[Round "7"]
[White "Kamsky, Gata"]
[Black "Anand, Viswanathan"]
[Result "0-1"]
[WhiteElo "2655"]
[BlackElo "2710"]
[Annotator "ChessBase"]
[PlyCount "136"]
[EventDate "1993.02.??"]
[EventType "tourn"]
[EventRounds "13"]
[EventCountry "ESP"]
[EventCategory "18"]
[SourceTitle "CBM 034"]
[Source "ChessBase"]
[SourceDate "1993.06.01"]
[SourceVersion "1"]
[SourceVersionDate "1993.06.01"]
[SourceQuality "1"]

1. e4 c5 2. Nf3 d6 3. d4 cxd4 4. Nxd4 Nf6 5. Nc3 Nc6 6. Bg5 e6 7. Qd2 Be7 8.
O-O-O O-O 9. f4 Nxd4 10. Qxd4 Qa5 11. Bc4 Bd7 12. e5 dxe5 13. fxe5 Bc6 14. Bd2
Nd7 15. Nd5 Qd8 16. Nxe7+ Qxe7 17. Rhe1 Rfd8 18. Qg4 (18. Bf1 Nf8 19. Qe3 Qh4
20. h3 Ng6 21. c4 h6 22. g3 Qh5 23. Bc3 Rxd1+ 24. Rxd1 a6 25. h4 Qg4 26. Be2 {
Ehlvest,J-Salov,V/Linares (12)/1991/0.5 (34)}) 18... Nf8 (18... Nc5 19. h4 Kh8
20. Bg5 Rxd1+ 21. Rxd1 Qc7 22. Qd4 Nd7 23. Bf4 Nb6 24. Bf1 Nd5 25. Bd2 Ne7 26.
Bc3 {Short-Sosonko/Wijk/1987/0.5 (34)}) 19. Bf1 (19. Bd3 Rxd3 (19... Qc5 20.
Bb4 Qb6 21. Bd6 Rac8 22. Kb1 Bb5 23. c4 Ba4 24. Rc1 Rxd6 25. exd6 Qxd6 26. Qe2
{Wagman-Belotti/Reggio Emilia II (1)/1987/0.5 (41)}) 20. cxd3 Ng6 (20... Qd7
21. Kb1 (21. Bb4 Qd5 22. Bxf8 Rxf8 23. Kb1 Qxg2 24. Qh4 (24. Qxg2 Bxg2 25. Rc1
$14 {Georgiev,Kir-Gurevich,D/Palma de Mallorca GMA/1989/}) 24... g6 25. Re3 Bd5
26. Rh3 {Psakhis,L-Greenfeld,A/Tel-Aviv ASA (04)/1991/0.5 (37)}) 21... Qxd3+
22. Ka1 h5 $1 (22... Qf5 23. Qg3 Ng6 24. Bc3 h6 25. Rf1 Qe4 26. Rd2 {Ivanchuk,
V-Anand,V/Linares (m/7)/1992/1-0 (51)}) 23. Qe2 (23. Qxh5 $6 Ba4 $1 24. b3 Qd4+
25. Kb1 Bb5 26. a4 Bd3+ 27. Ka2 Bc2 $36) 23... Qxe2 24. Rxe2 Rd8 25. Rde1 Ng6
26. g3 {Almasi,Z-Tolnai,T/HUN-ch (09)/1992/0.5 (49)}) (20... Qc5+ 21. Kb1 Qd5
22. Qe4 (22. Re3 Ng6 23. Bc3 Qxg2 24. Qxg2 Bxg2 25. Rg1 (25. Rg3 Bc6 26. Rdg1 {
Ivanov,A-Rachels,S/Long Beach ch-US (1)/1989/0.5 (36)}) 25... Bc6 26. Reg3 {
Petrushin,A-Lisenko,A/USSR/1984/}) 22... Qd7 23. Qe2 Ng6 24. g3 Ne7 25. Bb4 Nf5
26. Bc3 {Short,N-Pritchett/Swansea ch-GB (1)/1987/0.5 (27)}) 21. Kb1 Qd8 22.
Bc3 a5 23. g3 Ne7 24. Bd4 Qd5 25. Bg1 a4 $44 {Anand,V-Lobron,E/Manila ol/1992/}
) (19. h4 Qc5 20. Bb3 (20. Bc3 h5 21. Qe2 Bxg2 22. Rxd8 Rxd8 23. Bd3 Bh3 24.
Qxh5 f5 25. Qf3 Bg4 26. Qxb7 {Sherzer,A-Rachels,S/USA-ch (10)/1992/1-0 (38)})
20... a5 21. c3 Ng6 22. Qg3 a4 23. Bc2 Qc4 24. a3 Qxh4 25. Qxh4 Nxh4 26. Bxh7+
{Krakops,M-Leko,P/Duisburg WchJM-U14 (01)/1992/0-1 (51)}) 19... Qc5 (19... Ng6
20. Re3 (20. Bb4 Rxd1+ 21. Rxd1 Qc7 $6 22. Qd4 $1 Bd5 23. Bc3 $1 $16 {Kovalev,
A-Leko,P/Munchen/1991/1-0 (43)}) 20... Rd5 {Gruenfeld,Y-Sosonko,G/Jerusalem/
1986/0.5 (20)}) (19... Qc7 20. Bc3 Ng6 21. Rxd8+ Rxd8 22. Rd1 Bd5 23. Qd4 Rc8
24. a3 Qb8 25. g3 b5 26. Bd3 {Gurevich,I-Rachels,S/USA-ch (11)/1992/1-0 (54)})
20. Bc3 Ng6 21. Qg5 Rd5 22. Rxd5 Bxd5 23. a3 Rc8 24. Qe3 Qc6 25. g3 (25. Qxa7
Bxg2 26. Bd3 Nf4 $17) 25... a6 26. Be2 Ne7 27. Qg5 Qc7 28. Bd3 h6 29. Qh4 b5
30. Bb4 Nf5 31. Qf4 Bc4 32. Bxc4 bxc4 $17 33. Rf1 Qa7 34. Bd2 (34. g4 Qe3+ 35.
Kb1 Qxf4 36. Rxf4 Ne3 $17) 34... Qc7 35. Bc3 Qc5 36. g4 Qe3+ 37. Bd2 Qxf4 38.
Rxf4 Ne7 39. Rd4 Nd5 40. h4 Rc6 41. Kb1 Kh7 42. h5 f6 $1 43. Re4 (43. exf6 Nxf6
$19 {/\ e5}) 43... fxe5 44. Rxe5 Nf6 45. g5 hxg5 46. Bxg5 (46. Rxg5 Ne4 47. Rg2
Rc5 $19) 46... Nxh5 $19 47. b3 Nf6 48. bxc4 Nd7 49. Ra5 Kg6 50. Be3 Kf6 51. c5
(51. Bg5+) 51... e5 52. Ra4 Kf5 53. Rb4 g5 54. a4 g4 55. a5 Rc8 56. Kc1 Nf6 57.
Rb7 Nd5 58. Bf2 Ke4 59. Rb3 Rf8 60. Bh4 Rf3 61. c6 Rxb3 62. cxb3 Kf3 63. Bd8 e4
64. Bb6 (64. c7 Nxc7 65. Bxc7 e3 $1 (65... g3 $2 66. Kd2 g2 (66... e3+ 67. Ke1
g2 68. Bh2 $18) 67. Bb6 $18) 66. Kd1 Kf2 67. Bg3+ (67. Bb6 g3 68. Bxe3+ (68.
Kc2 Ke2 (68... g2 $2 69. Kd3 $18) 69. Bc7 g2 70. Bh2 Kf1 71. Kd3 e2 $19) 68...
Kxe3 69. Ke1 g2 $19) 67... Kxg3 68. Ke2 Kf4 69. b4 g3 70. b5 g2 71. bxa6 g1=Q
$19) 64... e3 65. c7 Nxc7 66. Bxc7 g3 67. Kd1 g2 68. Bh2 Kf2 0-1

[Event "Buenos Aires Najdorf"]
[Site "Buenos Aires"]
[Date "1993.??.??"]
[Round "2"]
[White "Illescas Cordoba, Miguel"]
[Black "Kamsky, Gata"]
[Result "1/2-1/2"]
[WhiteElo "2615"]
[BlackElo "2655"]
[Annotator "Ribli,Z"]
[PlyCount "139"]
[EventDate "1993.04.??"]
[EventType "tourn"]
[EventRounds "11"]
[EventCountry "ARG"]
[EventCategory "13"]
[SourceTitle "CBM 035"]
[Source "ChessBase"]
[SourceDate "1993.08.01"]
[SourceVersion "1"]
[SourceVersionDate "1993.08.01"]
[SourceQuality "1"]

1. Nf3 Nf6 2. c4 c5 3. Nc3 d5 4. cxd5 Nxd5 5. g3 Nc6 6. Bg2 Nc7 7. O-O e6 $2 (
7... e5) 8. d3 Be7 9. Be3 O-O 10. d4 cxd4 11. Nxd4 Na5 (11... Nb4 12. Qd2 e5
13. Nb3 Qxd2 14. Bxd2 Nc6 15. Be3 $16 {Polugaevsky,L-Padevsky,N/Varna/1972/
INF13,63/}) 12. Qa4 Nd5 13. Nxd5 exd5 14. Bd2 $1 Nc4 15. Bc3 Be6 (15... Bd7 16.
Qb3 Bc6 17. e4 $16) 16. Nxe6 fxe6 17. b3 Nd6 18. Qg4 Nf5 19. e4 $1 dxe4 20.
Qxe4 $16 Qb6 21. Qxb7 Rac8 22. Rac1 Ba3 23. Bb2 Rxc1 24. Bxc1 Bc5 25. Qxb6 axb6
26. Rd1 (26. Be4 $5) 26... b5 27. a4 (27. Bf4 $5) 27... Nd4 28. Be3 Ne2+ 29.
Kh1 Bxe3 30. fxe3 bxa4 31. bxa4 Nc3 32. Ra1 Rf7 33. a5 Ra7 34. a6 Kf7 35. Bb7
Nb5 36. Kg2 Ke7 37. Rc1 (37. Kf3 $5 Kd7 38. Kf4 $18) 37... Kd6 38. Rc6+ $6 (38.
Kf3 $5) 38... Kd7 39. Rc8 $2 Nc7 40. Rh8 h6 41. Rh7 Kd6 $1 42. Kf3 Ke5 $1 43.
Rxg7 Nxa6 44. Rh7 Nc5 45. Be4 Rxh7 46. Bxh7 Nd7 47. g4 Kf6 48. h4 Ke5 49. Bd3
Kf6 50. Be4 Nb6 51. Kf4 e5+ 52. Kf3 Nc4 53. Bd5 Nd6 54. Bb3 Nb7 55. Ke2 Nd6 56.
Kd3 Kg7 57. Bc2 h5 $1 58. g5 Nf5 59. Ke4 Nxh4 60. Kxe5 Ng2 61. Ke4 h4 62. Bb1
h3 63. Kf3 Nh4+ 64. Kg3 h2 65. Be4 Nf5+ 66. Kf4 Nd6 67. Bh1 Kg6 68. Bg2 Nf7 69.
Be4+ Kh5 70. Bf3+ 1/2-1/2